| 000 | 00597nam a2200181 a 4500 | ||
|---|---|---|---|
| 082 |
_a537 _bDAS _cL-6,P-2 |
||
| 100 | 1 |
_aDAS,M,M _940020 |
|
| 245 | 1 | 0 |
_aElectricity : _cby DAS,M,M |
| 260 |
_aGainsbrough : _bPrinted by J.M. Mozley for Wm. Miller ... London, _c1947. |
||
| 300 |
_a483 p. ; _c21 cm. (8vo) |
||
| 500 | _aSignatures: [A]² B-L⁴ M⁶. | ||
| 526 |
_a0 _b0 _c0 _d537_000000000000000_DAS |
||
| 526 |
_a0 _b0 _c0 _d537_000000000000000_DAS |
||
| 650 | 0 |
_aElectricity _xEarly works to 1850. _940021 |
|
| 650 | 0 |
_aMagnetism _xEarly works to 1800. _940022 |
|
| 650 | 0 |
_aMCE _9379 |
|
| 942 |
_2ddc _cBK |
||
| 999 |
_c544396 _d544396 |
||